| 000 | 00882cam a2200277I 4500 | ||
|---|---|---|---|
| 001 | 4705211 | ||
| 003 | ARRUPE | ||
| 005 | 20160715095938.0 | ||
| 008 | 850207s1970 fr b 000 0 fre d | ||
| 035 | _a(OCoLC)ocm11668378 | ||
| 035 | _a(NNC)4705211 | ||
| 040 |
_aCLO _cCLO _dPLT |
||
| 050 | _aBL240.2.L25 | ||
| 100 | 1 |
_aLadrière, Jean. _915261 |
|
| 245 | 1 | 2 |
_aL'articulation du sens; _bdiscours scientifique et parole de la foi. |
| 260 |
_a[Paris] _bAubier Montaigne _c[1970] |
||
| 300 |
_a243 p. _c22 cm. |
||
| 490 | 1 | _aBibliothèque de sciences religieuses | |
| 504 | _aIncludes bibliographical references. | ||
| 650 | 0 |
_aReligion and science _xHistory _y20th century. _924399 |
|
| 650 | 0 |
_aBible and science. _924400 |
|
| 650 | 0 |
_aSemantics (Philosophy) _924401 |
|
| 830 | 0 |
_aBibliothèque de sciences religieuses. _924402 |
|
| 942 |
_2lcc _cMONOGRAPH |
||
| 999 |
_c124803 _d124803 |
||